000 00961nam a2200277 a 4500
001 66013
003 BD-RjUL
005 20211209081506.0
008 170313s2004 enka s 000 0 eng c
020 _a1857432029
035 _a(BD-RjUL)66143
040 _aUKM
_cUKM
_dBD-RjUL
_beng
041 _aeng
082 0 0 _a315.6
_223
_bMID 2004
245 0 0 _aMiddle East and Central Asia databook /
_cedited by Edwards Economic Research Inc.
260 _aLondon :
_bEuropa,
_cc2004.
300 _axvi, 484 p. :
_bill. ;
_c31 cm.
651 0 _aMiddle East
_vStatistics.
_9195263
651 0 _aAsia, Central
_vStatistics.
_9195264
651 0 _aMiddle East
_xEconomic conditions
_y1979-
_9195265
651 0 _aAsia, Central
_xEconomic conditions
_y1991-
_9195266
651 0 _aMiddle East
_xPolitics and government
_y1979-
_9195267
651 0 _aAsia, Central
_xPolitics and government
_y1991-
_9195268
710 2 _aEdwards Economic Research Inc.
_9195269
942 _2ddc
_cBK
999 _c66013
_d66013